000 00454nam a2200181Ia 4500
003 OSt
005 20250110150623.0
008 240404s9999 xx 000 0 und d
020 _a9788184950977
040 _c0
041 _aEnglish
082 _a338.709 DRE;2  R1
100 _aDrexler, Kateri.
245 0 _aBusiness leaders who changed the world
260 _c2010
_bJaico Publishing House
_aAhmedadad
300 _ax, 248
942 _cREF
_2ddc
999 _c296172
_d296172